Meister der 2. Bundesliga - Statistiken

Allgemein
  • Dieses Quiz wurde 17.694 mal gespielt
    1.373 seit der letzten Aktualisierung
  • Das Durchschnittsergebnis liegt bei 37 aus 45
Antwortstatistiken
Jahr Verein % Korrekt
1981/82 FC Schalke 04
98%
1990/91 FC Schalke 04
98%
2021/22 FC Schalke 04
98%
2025/26 FC Schalke 04
98%
1999/00 1.FC Köln
94%
2004/05 1.FC Köln
94%
2013/14 1.FC Köln
94%
2018/19 1.FC Köln
94%
2024/25 1.FC Köln
94%
2023/24 FC St. Pauli
90%
1984/85 1.FC Nürnberg
88%
2000/01 1.FC Nürnberg
88%
2003/04 1.FC Nürnberg
88%
2022/23 1. FC Heidenheim
87%
1989/90 Hertha BSC
87%
2010/11 Hertha BSC
87%
2012/13 Hertha BSC
87%
2016/17 VfB Stuttgart
87%
1998/99 Arminia Bielefeld
86%
2019/20 Arminia Bielefeld
86%
1986/87 Hannover 96
86%
2001/02 Hannover 96
86%
1987/88 Stuttgarter Kickers
86%
1988/89 Fortuna Düsseldorf
82%
2017/18 Fortuna Düsseldorf
82%
1992/93 SC Freiburg
81%
2002/03 SC Freiburg
81%
2008/09 SC Freiburg
81%
2015/16 SC Freiburg
81%
1996/97 1.FC Kaiserslautern
80%
2009/10 1.FC Kaiserslautern
80%
1997/98 Eintracht Frankfurt
79%
2011/12 SpVgg Greuther Fürth
78%
1993/94 VfL Bochum
74%
1995/96 VfL Bochum
74%
2005/06 VfL Bochum
74%
2020/21 VfL Bochum
74%
1983/84 Karlsruher SC
72%
2006/07 Karlsruher SC
72%
1994/95 FC Hansa Rostock
69%
2014/15 FC Ingolstadt 04
65%
1991/92 1.FC Saarbrücken / Bayer 05 Uerdingen
63%
2007/08 Borussia Mönchengladbach
54%
1982/83 SV Waldhof Mannheim
52%
1985/86 FC 08 Homburg
31%
Keine übereinstimmenden Quizze gefunden
Verteilung der Resultate
Anzahl Personen mit jedem Resultat
Perzentil nach korrekt beantworteten Fragen
Ihre Resultats-Entwicklung
Sie haben dieses Quiz seit der letzten Aktualisierung nicht gespielt